| 000 | 01974nam2a2200385 4500 | ||
|---|---|---|---|
| 001 | RU\NLR\bibl\2037794 | ||
| 005 | 20250616220020.0 | ||
| 010 |
_a978-5-89606-493-0 _9500 _bт.2 |
||
| 021 |
_aRU _b2013-34789 _92382 |
||
| 035 | _a(NLR Aleph) 002025154 | ||
| 090 |
_a4523541 _c4523541 |
||
| 100 | _a20130529d2013 |||y0rusy50 ca | ||
| 101 | 0 |
_arus _aeng |
|
| 102 | _aRU | ||
| 105 | _aa ||||||||| | ||
| 200 | 1 |
_aЭволюционная электрокардиология и северная экофизиология _eсборник статей, опубликованных в 1955-1979 гг. _fсост.: чл.-корр. РАН И.М. Рощевская и др.] |
|
| 210 |
_d2013 _aБ. м. |
||
| 215 |
_a863 с., [8] л. ил., цв. ил., портр. _cил. |
||
| 300 | _aЧасть текста на англ. яз. | ||
| 320 | _aБиблиогр. в конце ст. | ||
| 320 | _aАвт. указ.: с. 835-852 | ||
| 461 | 0 |
_1001RU\NLR\bibl\2039624 _12001#$aИзбранные труды$v[Т. 2 _94531752 _aРощевский, М.П. (1933-) _cСыктывкар _d2013 _fМ.П. Рощевский _nредакционно-издательский отдел Коми научного центра УрО РАН _tИзбранные труды _y9785896064817 _v[Т. 2 |
|
| 606 | 1 |
_aЭлектрокардиология ветеринарная _jСборники _92148956 _3RU\NLR\auth\661599056 |
|
| 606 | 1 |
_aЭлектрокардиология эволюционная _jСборники _92021074 _3RU\NLR\auth\661214965 |
|
| 606 | 1 |
_aЭкологическая физиология _jСборники _91154626 _3RU\NLR\auth\66143130 |
|
| 686 | _aЕ911.11я44 | ||
| 686 | _aЕ903,1я44 | ||
| 686 | _aП861.41я44 | ||
| 702 | 1 |
_aРощевская _bИ. М. _gИрина Михайловна _4220 |
|
| 801 | 0 |
_aRU _bNLR _c20130529 _gRCR |
|
| 801 | 1 |
_aRU _bNLR _c20130529 |
|
| 830 | _aсост. по базе | ||
| 942 | _cBOOK | ||
| 980 | _aNB | ||